| 000 | 01270cam a22003493a 4500 | ||
|---|---|---|---|
| 001 | 2247 | ||
| 003 | FISKH | ||
| 005 | 20231113152235.0 | ||
| 008 | 000427s2000 nyua j 000 1 eng d | ||
| 010 | _a 2002567908 | ||
| 020 | _a0439114292 (pbk.) | ||
| 020 | _a078073003990 | ||
| 035 | _a(OCoLC)ocm43942000 | ||
| 040 |
_aXCX _cXCX _dUPZ _dDLC _beng |
||
| 042 | _alccopycat | ||
| 050 | 0 | 0 | _aCPB Box no. 1880 vol. 26 |
| 082 | _a511 | ||
| 100 | 1 | _aPreller, James. | |
| 245 | 1 | 4 |
_aThe case of the ghostwriter / _cby James Preller ; illustrated by Jamie Smith ; cover illustration by R.W. Alley. |
| 260 |
_aNew York : _bScholastic, _c2000. |
||
| 300 |
_a74 pages : _billustrations ; _c20 cm |
||
| 490 | 1 |
_aA Jigsaw Jones mystery ; _vBook10 |
|
| 505 | _aF | ||
| 520 | _aWhen Ms. Gleason announces that a surprise author will be visiting the class, but will not reveal the author's name, the class hires detectives Jigsaw and Mila to discover the author's identity and solve the case. | ||
| 521 | 8 |
_a350
_bLexile |
|
| 521 | 8 |
_aF
_bRaz-Plus |
|
| 650 | 0 | _aDetective and mystery stories. | |
| 655 | 7 |
_aChildren's stories. _2lcsh |
|
| 700 | 1 |
_aSmith, Jamie, _d1971- _eillustrator. |
|
| 906 |
_a7 _bcbc _ccopycat _d2 _encip _f20 _gy-genrareb |
||
| 942 |
_2ddc _cBK _n0 |
||
| 999 |
_c2247 _d2247 |
||